000 00684nam a2200241 i 4500
001 bg
100 1 _aKRUCZALAK, Kazimierz
_d(1934- )
245 1 0 _aPrawo handlowe :
_bzarys wykładu /
_cKazimierz Kruczalak.
250 _aWyd. 5 uaktual.
260 _aWarszawa :
_bWydawnictwa Prawnicze PWN,
_c2001.
300 _a587 s. ;
_c24 cm.
500 _aStreszcz. ang., niem.
504 _aIndeks.
650 9 _aPrawo handlowe
_zPolska
_ystan na 2001 r.
655 _aPodręczniki akademickie
020 _a8388296418
040 _cBPK
041 0 _apl
_bende
080 _a347.7(438)(075.8)
920 _a83-88296-41-8
942 _cKS
008 s pl f |000 0 pol
999 _c41572
_d41572
856 _uhttp://koha.tu.koszalin.pl/cgi-bin/koha/opac-detail.pl?biblionumber=41572
_yKatalog online BPK